Concepto y tratamiento modernos de las diarreas infantiles (Record no. 153225)

MARC details
000 -LEADER
campo de control de longitud fija 01135nam a22002055i 4500
001 - NÚMERO DE CONTROL
campo de control 153225
003 - IDENTIFICADOR DE NÚMERO DE CONTROL
campo de control ES-MaACL
005 - FECHA Y HORA DE LA ÚLTIMA TRANSACCIÓN
campo de control 20251010145331.0
008 - DATOS DE LONGITUD FIJA--INFORMACIÓN GENERAL
campo de control de longitud fija 021016s1894 sp |||| | spa d
040 ## - FUENTE DE CATALOGACIÓN
Centro catalogador/agencia de origen CCPB | B
Lengua de catalogación spa
Centro/agencia transcriptor CCPB | B
245 00 - MENCIÓN DEL TÍTULO
Título Concepto y tratamiento modernos de las diarreas infantiles
Resto del título : discursos leídos ante la Real Academia de Medicina y Cirugía de Barcelona en la recepción del dr. Andrés Martínez Vargas : discurso de contestación del dr. Rafael Rodríguez Méndez : 24 febrero 1894.
260 ## - PUBLICACIÓN, DISTRIBUCIÓN, ETC.
Lugar de publicación, distribución, etc. Barcelona :
Nombre del editor, distribuidor, etc. [s.n.],
Fecha de publicación, distribución, etc. 1894 (
Fabricante tipografía de Balmas, Casamajó y compª.)
300 ## - DESCRIPCIÓN FÍSICA
Extensión 95 p. ;
Dimensiones 25 cm.
505 8# - NOTA DE CONTENIDO CON FORMATO
Nota de contenido con formato Contiene: Discurso / Andrés Martínez Vargas, p. 1-78. Discurso de contestación / del Dr. Rafael Rodríguez Méndez, p 79-95
650 #4 - PUNTO DE ACCESO ADICIONAL DE MATERIA--TÉRMINO DE MATERIA
Término de materia o nombre geográfico como elemento de entrada Diarrea en niños.
9 (RLIN) 157047
700 1# - ENTRADA AGREGADA--NOMBRE PERSONAL
Nombre de persona Rodríguez Méndez, Rafael,
Fechas asociadas al nombre 1845-1919
9 (RLIN) 98660
700 1# - ENTRADA AGREGADA--NOMBRE PERSONAL
Nombre de persona Martínez Vargas, Andrés,
Fechas asociadas al nombre 1861-1948
9 (RLIN) 78464
852 ## - LOCALIZACIÓN
Ubicación ES-MaACL
Número de control de estantería T-836-F-5
Nota libre -- Enc. hol. conservando la cub. original
-- -- Dedicatoria ms. del autor al Ateneo de Madrid
-- -- Enc. en un vol. facticio
Holdings
Estatus retirado Estado de pérdida Estado de daño No para préstamo Colección Biblioteca de origen Biblioteca actual Ubicación en estantería Fecha de adquisición Total de préstamos Signatura topográfica completa Código de barras Visto por última vez Precio de reemplazo Tipo de ítem Koha
        Colección de folletos Biblioteca del Ateneo de Madrid Biblioteca del Ateneo de Madrid Depósito folletos 17/01/2008   T-836-F-5 1160111 23/02/2023 23/02/2023 Folleto